| 000 | 00703nam a2200229Ia 4500 | ||
|---|---|---|---|
| 008 | 160319s9999 xx 000 0 und d | ||
| 245 | _aMga munting tinig / | ||
| 260 | _aManila, Phils. : | ||
| 260 | _bManufactured and distributed by Warner Home Video (Philippines), | ||
| 260 | _c2003 | ||
| 300 | _a2 videodiscs of 2 (VCD) : | ||
| 300 | _bsound, colored ; | ||
| 300 | _c4 3/4 in. | ||
| 650 | _aChildren's choirs -- Philippines -- Drama. | ||
| 650 | _aChildren's choirs. | ||
| 650 | _aMusic -- | ||
| 650 | _aMusic -- Competitions -- Philippines -- | ||
| 650 | _aMusic -- Instruction and study -- Philippines -- | ||
| 650 | _xCompetitions. | ||
| 650 | _xDrama. | ||
| 650 | _xDrama. | ||
| 999 |
_c292684 _d292684 |
||